Exportaciones SGP de Centroamérica hacia los Estados Unidos de América durante el período 1976-1983

Đã lưu trong:
Chi tiết về thư mục
Tác giả của công ty: SIECA
Định dạng: Texto
Được phát hành: Guatemala: SIECA
Các nhãn: Thêm thẻ
Không có thẻ, Là người đầu tiên thẻ bản ghi này!

MARC

LEADER 00000 a a2200000 04500
001 24062
003
040
090 |a 171100  
110 |a SIECA  
245 |a Exportaciones SGP de Centroamérica hacia los Estados Unidos de América durante el período 1976-1983  
260 |a Guatemala:   |b SIECA  
300 |a 52 p.   |b **no definido**  
999 |c 15468  |d 15468